书目信息 |
| 题名: |
看破《西游记》
|
|
| 作者: | 周文志 著 | |
| 分册: | 下册 | |
| 出版信息: | 昆明 云南人民出版社 1999 |
|
| 页数: | 252,283页 | |
| 开本: | 32开 | |
| 丛书名: | ||
| 单 册: | ||
| 中图分类: | I207.419 | |
| 科图分类: | ||
| 主题词: | 文学--中国 | |
| 电子资源: | ||
| ISBN: | 7-222-02905-2 | |
| 000 | 00722nam0 2200217 45 | |
| 001 | 0205291432 | |
| 005 | 20031219104056.2 | |
| 010 | @a7-222-02905-2@b精装@dCNY34.00 | |
| 100 | @a20020529d1999 km y0chiy0120 ea | |
| 101 | 0 | @achi |
| 105 | @a z 000yy | |
| 200 | 1 | @a看破《西游记》@AKan Po《Xi You Ji》@e《西游记》与中医易道学@h下册@E《Xi You Ji》Yu Zhong Yi Yi Dao Xue@f周文志著@FZhou Wen Zhi Zhu |
| 210 | @a昆明@c云南人民出版社@d1999 | |
| 215 | @a252,283页@d32开 | |
| 517 | @a《西游记》与中医易道学@A《Xi You Ji》Yu Zhong Yi Yi Dao Xue | |
| 605 | @a西游记@x文学研究 | |
| 606 | 0 | @a文学@x中国 |
| 690 | @aI207.419@v4 | |
| 701 | @a周文志@4著 | |
| 801 | @aCN@bTSTC@c20020529 | |
| 905 | @b310809-810@dI207.419@f2@e352:2 | |
| 看破《西游记》:《西游记》与中医易道学.下册/周文志著.-昆明:云南人民出版社,1999 |
| 252,283页;32开 |
| ISBN 7-222-02905-2(精装):CNY34.00 |
| ● |
| 相关链接 |
|
|
|
|
正题名:看破《西游记》
索取号:I207.419/352:2
 
预约/预借
| 序号 | 登录号 | 条形码 | 馆藏地/架位号 | 状态 | 备注 |
| 1 | 0310809 | 203108092 | 第二借阅区/ [索取号:I207.419/352:2] | 在馆 | |
| 2 | 0310810 | 203108109 | 第一样本阅览室/ [索取号:I207.419/352:2] | 在馆 |